Arsenal Women Squad 2025-2026 - Statistics

General Stats
  • This quiz has been taken 72 times
  • The average score is 18 of 23
Answer Stats
Hint Answer % Correct
FWD Alessia Russo
97%
FWD Caitlin Foord
92%
DEF Katie McCabe
92%
DEF Leah Williamson
92%
FWD Beth Mead
89%
FWD Olivia Smith
89%
FWD Chloe Kelly
86%
DEF Katie Reid
86%
MID Kyra Cooney-Cross
86%
DEF Steph Catley
86%
MID Kim Little
83%
GK Manu Zinsberger
83%
GK Daphne Van Domselaar
78%
DEF Emily Fox
78%
MID Frida Maanum
75%
DEF Lotte Wubben Moy
72%
GK Anneke Borbe
69%
MID Mariona Caldentey
69%
DEF Taylor Hinds
69%
MID Victoria Pelova
61%
DEF Laia Codina
56%
DEF Jenna Nighswonger
53%
FWD Stina Blackstenius
44%
No matching quizzes found
Score Distribution
Percent of People with Each Score
Percentile by Number Answered
Your Score History
You have not taken this quiz